000 00506nam a2200157 i 4500
001 50451
003 ES-MaACL
005 20230906162200.0
007 t|
008 030804s1972 sp ||||1| cat d
100 1 _aCuxart y Llargués, Ricardo.
_942303
245 1 3 _aEl trobador de secá
_b: recull de versos humorístics des de l'any 1934 al 1972 /
_cRicard Cuxart i Llargués.
260 _aBarcelona :
_bLa Hormiga de Oro,
_c1972.
300 _a204 p. ;
_c20 cm.
852 _aES-MaACL
_jC-46355
_bR.83303
999 _c50451
_d50451